Statistiques concernant Départements français les plus au sud

Cliquez ici pour prendre le quiz!

Statistiques générales

  • Ce quiz a été pris 77 fois
    (74 depuis la dernière actualisation)
  • Le résultat moyen est 19 sur 21

Statistiques - réponses

LattitudeDépartement% Correct
43°10'NBouches-du-Rhône
97%
43°30'NAlpes-Maritimes
96%
43°00'NVar
96%
42°21'NPyrénées-Orientales
94%
42°47'NHaute-Garonne
93%
43°16'NHérault
91%
42°52'NPyrénées-Atlantiques
91%
41°19'NCorse-du-Sud
90%
43°32'NGard
90%
41°54'NHaute-Corse
90%
42°44'NAude
88%
21°22'SRéunion
88%
42°35'NAriège
87%
15°51'NGuadeloupe
87%
42°48'NHautes-Pyrénées
87%
43°32'NLandes
87%
14°26'NMartinique
87%
12°57'SMayotte
87%
3°38'NGuyane
86%
43°24'NTarn
86%
43°19'NGers
80%

Distribution des résultats

Percentile par nombre de réponses

% des personnes avec chaque résultat

Votre développement - résultats

Vous n’avez pas pris ce quiz depuis la dernière actualisation